000 01632cam a22003371i 4500
003 SA-RiAUC
005 20251130125125.0
008 251101s1960 su f l f00000 ara c
040 _aSA-MaHRM
_bara
_cSA-RiAUC
_erda
043 _aa-su---
082 0 4 _a344.531
_qSA-RiAUC
090 _a344.531
_bس ع و
110 1 _aالسعودية
_eسلطة تشريعية.
245 1 0 _aمجموعة النظم :
_bقسم الصحة العامة والإسعاف والمحاجر الصحية من سنة 1345-1357 هـ. /
_cمجلس الشورى.
246 3 0 _aقسم الصحة العامة والإسعاف والمحاجر الصحية من سنة 1345-1357 هـ.
250 _aالطبعة الثالثة.
264 1 _aالرياض :
_bمجلس الشورى،
_c[1960]
300 _aمجلد ؛
_c24 سم
336 _aنص
_btxt
_2rdacontent
_3كتاب
337 _aبدون وسيط
_bn
_2rdamedia
338 _aمجلد
_bnc
_2rdacarrier
650 7 _aالصحة العامة
_xقوانين وتشريعات
_zالسعودية
_yقرن 14 هجري
_2aucsh
650 7 _aالإسعاف
_xقوانين وتشريعات
_zالسعودية
_yقرن 14 هجري
_2aucsh
650 7 _aالحجر الصحي
_xقوانين وتشريعات
_zالسعودية
_yقرن 14 هجري
_2aucsh
710 1 _aالسعودية.
_bمجلس الشورى
_eجهة إصدار.
710 1 _aالسعودية.
_tقانون الصحة العامة.
710 1 _aالسعودية.
_tقانون الإسعاف.
710 1 _aالسعودية.
_tقانون الحجر الصحي.
942 _2ddc
_cBOOK
_n0
949 _aSA-JeALM
_d251101
_umohamedma123
_n1
999 _c12972
_d12972